00592nam a2200193 a 450000100060000000300090000600800410001502000150005604000280007108200160009910000400011524500990015526000510025430000110030549000240031665000180034065000140035865000260037218486CO-ViMGA141112s2004 ck r 000 u spa d a9681664339 aCO-ViMGAbspacCO-ViMGA04a660.65 S6531 aSoberón Mainero, Francisco Xavier10aLa Ingeniería genética , la nueva biotecnología y la era genómica - Ciencia para todos aMexico, cFondo de cultura económica, c2002 a201.p. aCiencias para todos14aBIOTECNOLOGIA14aCLONACION14aINGENIERIA GENética